000 00528cam a2200145 4500500
005 20260329013000.0
041 _afre
042 _adc
100 1 0 _aMambrino, Jean
_eauthor
245 0 0 _aFrançois Mauriac , D’un bloc-notes à l’autre (1952-1969) , Edition établie par Jean Touzot. Bartillat, 2004, 890 pages, 25 €
260 _c2005.
500 _a5
786 0 _nÉtudes | 402 | 2 | 2005-02-01 | p. I-I | 0014-1941
856 4 1 _uhttps://shs.cairn.info/revue-etudes-2005-2-page-I?lang=fr&redirect-ssocas=7080
999 _c1876133
_d1876133